000 00460nam a2200193Ia 4500
005 20240823025710.0
008 240823s9999||||xx |||||||||||||| ||und||
020 _a978-8190-675-03
041 _aENGLISH
082 _A174.9544 P6
100 _aSateesh M K
245 0 _aBioethics and Biosafety
250 _a1st
260 _c2008
_bI K International Pub.
500 _aYES
650 _aBiosafety
_bBio Medical Engg.
942 _cBK
999 _c186942
_d186942